Fr. Conceicao Rodrigues College of Engineering

FUND.OF ENGG.THERMODYNAMICS (Record no. 30327)

MARC details
000 -LEADER
fixed length control field 00242nam a2200109Ia 4500
100 ## - MAIN ENTRY--PERSONAL NAME
Personal name YADAV/R.
245 ## - TITLE STATEMENT
Title FUND.OF ENGG.THERMODYNAMICS
260 ## - PUBLICATION, DISTRIBUTION, ETC.
Name of publisher, distributor, etc. CENTRAL PUBLICATION
Place of publication, distribution, etc. Allahabad
Date of publication, distribution, etc. 2009
300 ## - PHYSICAL DESCRIPTION
Extent 1047
546 ## - LANGUAGE NOTE
Language note ENGLISH
942 ## - ADDED ENTRY ELEMENTS (KOHA)
Koha item type BOOK
Holdings
Withdrawn status Lost status Damaged status Not for loan Collection Home library Current library Date acquired Total Checkouts Full call number Barcode Date due Date last seen Date last checked out Price effective from Koha item type
        AFT Fr. Agnel's C.Rodrigues College of Engineering Fr. Agnel's C.Rodrigues- College of Engineering 17/03/2023 1 AFT8103 27/09/2014 12/06/2023 12/06/2023   BOOK